الفروق الارتقائية فى البنية العاملية لتنظيم الذات لدى الجنسين من الطفولة المتأخرة إلى المراهقة / (رقم التسجيلة. 179124)

تفاصيل مارك
000 -LEADER
fixed length control field 04451namaa22004091i 4500
003 - CONTROL NUMBER IDENTIFIER
control field OSt
005 - أخر تعامل مع التسجيلة
control field 20260422141641.0
008 - FIXED-LENGTH DATA ELEMENTS--GENERAL INFORMATION
fixed length control field 250827s2023 ua a|||frm||| 000 0 eng d
040 ## - CATALOGING SOURCE
Original cataloguing agency EG-GICUC
Language of cataloging ara
Transcribing agency EG-GICUC
Modifying agency EG-GICUC
Description conventions rda
041 0# - LANGUAGE CODE
Language code of text/sound track or separate title ara
Language code of summary or abstract ara
-- eng
049 ## - Acquisition Source
Acquisition Source إيداع
082 04 - DEWEY DECIMAL CLASSIFICATION NUMBER
Classification number 155.7
092 ## - LOCALLY ASSIGNED DEWEY CALL NUMBER (OCLC)
Classification number 155.7
Edition number 21
097 ## - Degree
Degree دكتـــــوراه‎
099 ## - LOCAL FREE-TEXT CALL NUMBER (OCLC)
Local Call Number Cai01.02.11.Ph.D.2023.أس.ف
100 0# - MAIN ENTRY--PERSONAL NAME
Authority record control number or standard number ،أسمـاء محمد رياض
Preparation إعداد.
245 12 - TITLE STATEMENT
Title الفروق الارتقائية فى البنية العاملية لتنظيم الذات لدى الجنسين من الطفولة المتأخرة إلى المراهقة /
Statement of responsibility, etc. إعداد أسمـاء محمد رياض؛ إشراف أ.د. فاديــة محمد زكي علــوان.
246 15 - VARYING FORM OF TITLE
Title proper/short title Age differences in factorial structure of self-regulation of both gender from late childhood to adolescence /
264 #0 - PRODUCTION, PUBLICATION, DISTRIBUTION, MANUFACTURE, AND COPYRIGHT NOTICE
Date of production, publication, distribution, manufacture, or copyright notice 2023.
300 ## - PHYSICAL DESCRIPTION
Extent 151 صفحة :
Other physical details إيضاحيات ؛
Dimensions 25 سم. +
Accompanying material CD.
336 ## - CONTENT TYPE
Content type term text
Source rda content
337 ## - MEDIA TYPE
Media type term Unmediated
Source rdamedia
338 ## - CARRIER TYPE
Carrier type term volume
Source rdacarrier
502 ## - DISSERTATION NOTE
Dissertation note أطروحة (دكتوراه)-جامعة القاهرة، 2023.
504 ## - BIBLIOGRAPHY, ETC. NOTE
Bibliography, etc. note ببليوجرافيا: صفحات 129-151.
520 ## - SUMMARY, ETC.
Summary, etc. هدفت الدراسة إلى الكشف عن الفروق العمرية التى تطرأ على مفهوم تنظيم الذات لدى الجنسين خلال مراحل الطفولة المتأخرة والمراهقة المبكرة والمراهقة المتوسطة .كما هدفت إلى الكشف عن صدق البناء العاملى لنموذج "ماكليلاند" الذى يفترض وجود ثلاثة أبعاد رئيسية لتنظيم الذات هى : المكون المعرفى والمكون الوجدانى والمكون السلوكى .تكونت عينة الدراسة من 584طفلا ومراهقا ، وتتراوح أعمارهم ما بين 9 إلى 18 سنة .طبق مقياس تنظيم الذات - إعداد الباحثة – على الأطفال والمراهقين .كشفت نتائج الدراسة عن صحة نموذج "ماكليلاند" لتنظيم الذات وأنه مفهوم متعدد الأبعاد وله ثلاث مكونات هم المكون المعرفى والسلوكى والوجدانى لتنظيم الذات .كما أشارت نتائج الدراسة إلى عدم وجود فروق دالة للعمر فى المراحل العمرية للدراسة ووجود فروق بين الجنسين فى اتجاه الذكور فى الدرجة الكلية لتنظيم الذات وفى المكون المعرفى والسلوكى بينما أظهرت الإناث تفوقا فى المكون الوجدانى لتنظيم الذات فى المراحل العمرية الثلاث .
520 ## - SUMMARY, ETC.
Summary, etc. The present study aimed to examine the age differences in self – regulation between genders during the stages of late childhood, early adolescence, and middle adolescence.<br/>It also aimed to examine McClelland, s structural -functional model, which proposes the existence of three main dimensions for self -regulation: the cognitive component, the emotional component, and the behavioral component. The study sample consisted of 584 children and adolescents, aged between 9 and 18 years, and was applied to both children and adolescents. The study results revealed significant differences in self -regulation. Additionally, the results indicated that the cognitive and behavioral components were present in boys at a higher level than in girls, who relied more on the emotional component in self -regulation across all three age stages
530 ## - ADDITIONAL PHYSICAL FORM AVAILABLE NOTE
Issues CD صدر أيضًا كقرص مدمج.
546 ## - LANGUAGE NOTE
Text Language النص بالعربية والملخص باللغة الإنجليزية والعربية.
650 #7 - SUBJECT ADDED ENTRY--TOPICAL TERM
Topical term or geographic name entry element علم النفس الارتقائى
Source of heading or term qrmak
653 #0 - INDEX TERM--UNCONTROLLED
Uncontrolled term تنظيم الذات المعرفى
-- تنظيم الذات الوجدانى
-- تنظيم الذات السلوكى
700 0# - ADDED ENTRY--PERSONAL NAME
Personal name فاديــة محمد زكي علــوان
Relator term مشرف أطروحة.
900 ## - Thesis Information
Grant date 30-08-2023
Supervisory body فاديــة محمد زكي علــوان
Discussion body أيمن عامر
-- سعدية السيد البدوي
Universities جامعة القاهرة
Faculties كلية الآداب
Department قسم علم النفس الارتقائي
905 ## - Cataloger and Reviser Names
Cataloger Name Sara Salah
Reviser Names Afaf
942 ## - ADDED ENTRY ELEMENTS (KOHA)
Source of classification or shelving scheme Dewey Decimal Classification
Koha item type Thesis
Edition 21
Suppress in OPAC No
المقتنيات
Source of classification or shelving scheme Home library Current library Date acquired Inventory number Full call number Barcode Date last seen Effective from Koha item type
Dewey Decimal Classification المكتبة المركزبة الجديدة - جامعة القاهرة قاعة الرسائل الجامعية - الدور الاول 01.04.2026 33068 Cai01.02.11.Ph.D.2023.أس.ف 01010100033068000 01.04.2026 01.04.2026 Thesis
Cairo University Libraries Portal Implemented & Customized by: Eng. M. Mohamady Contacts: new-lib@cl.cu.edu.eg | cnul@cl.cu.edu.eg
CUCL logo CNUL logo
© All rights reserved — Cairo University Libraries
CUCL logo
Implemented & Customized by: Eng. M. Mohamady Contact: new-lib@cl.cu.edu.eg © All rights reserved — New Central Library
CNUL logo
Implemented & Customized by: Eng. M. Mohamady Contact: cnul@cl.cu.edu.eg © All rights reserved — Cairo National University Library